000 00425 a2200157 4500
005 20250526070257.0
020 _a273 42546 3
082 _aLECT 380.07 STE
100 _aSTEPHENSON, J.
245 _aPrinciples and Practice of Commerce
250 _a6th Ed.
260 _aLondon,
_bSir Isaac Pitman and Sons Ltd.
_c1965.
300 _axiv, 616p.: ill.; table.
_bIndex.
_c22cm.
700 _aCIANO, J. L. D.
942 _2ddc
_cBKS
999 _c2642
_d2642